Basic engineering metallurgy: Theory, principles and applications

Na minha lista:
Detalhes bibliográficos
Autor principal: Carl A Keyser
Formato: Livro
Idioma:Undetermined
Publicado em: New Jersey Prentice-Hall 1959
Assuntos:
Tags: Adicionar Tag
Sem tags, seja o primeiro a adicionar uma tag!
Thư viện lưu trữ: Trung tâm Học liệu Trường Đại học Cần Thơ
LEADER 00500nam a2200181Ia 4500
001 CTU_11471
008 210402s9999 xx 000 0 und d
082 |a 669 
082 |b K44 
100 |a Carl A Keyser 
245 0 |a Basic engineering metallurgy: Theory, principles and applications 
245 0 |c Carl A Keyser 
260 |a New Jersey 
260 |b Prentice-Hall 
260 |c 1959 
650 |a metallurgy 
904 |i Minh, 961023 
980 |a Trung tâm Học liệu Trường Đại học Cần Thơ